Т. 57, вып. 8; Известия вузов. Химия и химическая технология

Detalles Bibliográficos
Parent link:Известия вузов. Химия и химическая технология: научно-технический журнал/ Министерство образования и науки Российской Федерации. Т. 57, вып. 8.— , 1958-
Idioma:ruso
Publicado: 2014
Formato: MixedMaterials Libro
KOHA link:https://koha.lib.tpu.ru/cgi-bin/koha/opac-detail.pl?biblionumber=535827

MARC

LEADER 00000nam2a2200000 4500
001 535827
005 20231101113608.0
035 |a (RuTPU)RU\TPU\prd\224747 
090 |a 535827 
100 |a 20141027a19589999k y0rusy50 ca 
101 0 |a rus 
102 |a RU 
200 0 |a Т. 57, вып. 8 
210 |d 2014 
461 1 |0 (RuTPU)RU\TPU\prd\192  |t Известия вузов. Химия и химическая технология  |o научно-технический журнал  |f Министерство образования и науки Российской Федерации  |v Т. 57, вып. 8  |d 1958- 
801 0 |a RU  |b 63413507  |c 20010227  |g PSBO 
801 1 |a RU  |b 63413507  |c 20141027 
801 2 |a RU  |b 63413507  |c 20230504  |g RCR 
942 |c BK 
999 |a НТБ_ТПУ  |b НФ  |e -1/20140109  |p П-6307ж  |s 3/20140704  |u 0,00  |v 1